Child psychiatric epidemiology: concepts, methods, and findings
| Autores principales: | ; |
|---|---|
| Tipo de documento: | Print Libro |
| Lenguaje: | Inglés |
| Publicado: |
Newbury Park, Calif. [u.a.]
Sage Publ.
1992
|
| En: |
Developmental clinical psychology and psychiatry (23)
Año: 1992 |
| Acceso en línea: |
Table of contents Verlagsangaben (Publisher) |
| Disponibilidad en Tübingen: | Disponible en Tübingen. UB: KB 18 A 9214 |
| Verificar disponibilidad: | HBZ Gateway |
| Servicio de pedido Subito: | Pedir ahora. |
| Palabras clave: |
MARC
| LEADER | 00000cam a2200000 c 4500 | ||
|---|---|---|---|
| 001 | 273028944 | ||
| 003 | DE-627 | ||
| 005 | 20260402160553.0 | ||
| 007 | tu | ||
| 008 | 920320s1992 xxu||||| 00| ||eng c | ||
| 020 | |a 0803939965 |9 0-8039-3996-5 | ||
| 020 | |a 0803939973 |9 0-8039-3997-3 | ||
| 035 | |a (DE-627)273028944 | ||
| 035 | |a (DE-576)027702987 | ||
| 035 | |a (DE-599)GBV273028944 | ||
| 035 | |a (OCoLC)246319004 | ||
| 035 | |a (OCoLC)24373254 | ||
| 035 | |a (OCoLC)24373254 | ||
| 035 | |a (DE-604)8058776214 | ||
| 035 | |a (AT-OBV)AC00680851 | ||
| 040 | |a DE-627 |b ger |c DE-627 |e rakwb | ||
| 041 | |a eng | ||
| 044 | |c XD-US | ||
| 050 | 0 | |a RJ499 | |
| 060 | 0 | |a W1 DE997NC v. 23 | |
| 060 | 0 | |a WS 350 V515c | |
| 082 | 0 | |a 618.92 | |
| 082 | 0 | |a 618.92/89 | |
| 084 | |a CU 3800 |2 rvk |0 (DE-625)rvk/19112: | ||
| 100 | 1 | |a Verhulst, Frank C. |0 (DE-627)123410749X |0 (DE-576)164107495 |4 aut | |
| 109 | |a Verhulst, Frank C. |a Verhulst, F. | ||
| 245 | 1 | 0 | |a Child psychiatric epidemiology |b concepts, methods, and findings |c Frank C. Verhulst; Hans M. Koot |
| 264 | 1 | |a Newbury Park, Calif. [u.a.] |b Sage Publ. |c 1992 | |
| 300 | |a X, 157 S. |b graph. Darst. | ||
| 336 | |a Text |b txt |2 rdacontent | ||
| 337 | |a ohne Hilfsmittel zu benutzen |b n |2 rdamedia | ||
| 338 | |a Band |b nc |2 rdacarrier | ||
| 490 | 1 | |a Developmental clinical psychology and psychiatry |v 23 | |
| 500 | |a Includes bibliographical references and indexes | ||
| 583 | 1 | |a Archivierung prüfen |c 20200919 |f DE-640 |z 1 |2 pdager | |
| 650 | 0 | |a Child Psychiatry | |
| 650 | 0 | |a Psychiatric epidemiology | |
| 650 | 2 | |a Child Psychiatry | |
| 650 | 2 | |a Epidemiologic Methods | |
| 650 | 2 | |a Mental Disorders |x epidemiology | |
| 650 | 2 | |a Mental Disorders |x in infancy & childhood | |
| 689 | 0 | 0 | |d s |0 (DE-588)4030550-8 |0 (DE-627)104360100 |0 (DE-576)208988165 |a Kind |2 gnd |
| 689 | 0 | 1 | |d s |0 (DE-588)4047667-4 |0 (DE-627)104826258 |0 (DE-576)209074299 |a Psychiatrie |2 gnd |
| 689 | 0 | |5 DE-101 | |
| 689 | 1 | 0 | |d s |0 (DE-588)4015016-1 |0 (DE-627)104713739 |0 (DE-576)208910158 |a Epidemiologie |2 gnd |
| 689 | 1 | 1 | |d s |0 (DE-588)4030550-8 |0 (DE-627)104360100 |0 (DE-576)208988165 |a Kind |2 gnd |
| 689 | 1 | 2 | |d s |0 (DE-588)4047686-8 |0 (DE-627)106193899 |0 (DE-576)209074353 |a Psychische Störung |2 gnd |
| 689 | 1 | |5 DE-101 | |
| 689 | 2 | 0 | |d s |0 (DE-588)4529955-9 |0 (DE-627)254713033 |0 (DE-576)21339104X |a Kinderpsychiatrie |2 gnd |
| 689 | 2 | 1 | |d s |0 (DE-588)4015016-1 |0 (DE-627)104713739 |0 (DE-576)208910158 |a Epidemiologie |2 gnd |
| 689 | 2 | |5 (DE-627) | |
| 700 | 1 | |a Koot, Hans M. |4 aut | |
| 830 | 0 | |a Developmental clinical psychology and psychiatry |v 23 |9 23 |w (DE-627)302722432 |w (DE-576)012276057 |w (DE-600)1492285-X |7 am | |
| 856 | 4 | 2 | |u http://www.loc.gov/catdir/enhancements/fy0655/91033753-d.html |v 2015-01-21 |x Verlag |3 Verlagsangaben |7 1 |
| 856 | 4 | 2 | |u http://www.loc.gov/catdir/enhancements/fy0655/91033753-t.html |x Verlag |y Table of contents |7 1 |
| 889 | |w (DE-627)110851307 | ||
| 935 | |i mdedup | ||
| 935 | |i Blocktest | ||
| 936 | r | v | |a CU 3800 |b Sexuelle Störungen |k Psychologie |k Klinische Psychologie |k Psychische Störungen |k Sexuelle Störungen |0 (DE-627)1429798998 |0 (DE-625)rvk/19112: |0 (DE-576)359798993 |
| 951 | |a BO | ||
| ELC | |b 1 | ||
| LOK | |0 000 xxxxxcx a22 zn 4500 | ||
| LOK | |0 001 3110302217 | ||
| LOK | |0 003 DE-627 | ||
| LOK | |0 004 273028944 | ||
| LOK | |0 005 20151009142656 | ||
| LOK | |0 008 920320||||||||||||||||ger||||||| | ||
| LOK | |0 040 |a DE-21 |c DE-627 |d DE-21 | ||
| LOK | |0 852 |a DE-21 | ||
| LOK | |0 852 1 |c KB 18 A 9214 |9 00 | ||
| LOK | |0 935 |a krim | ||
| LOK | |0 939 |a 1992-03-20 |b l01 | ||
| ORI | |a WA-MARC-krimdoka001.raw | ||
| SIG | |a UB: KB 18 A 9214 | ||
